000 00882nam a2200265Ia 4500
003 OSt
005 20240905115959.0
008 220927b |||||||| |||| 00| 0 eng d
020 _c7500
_a9788176258838
024 _a110343
037 _b1329, 03/12/2010, Kiran Book Service
_cTextual
040 _aSDCL
_cSDCL
_beng
041 _2eng
_aeng
082 _a4k P8.10 RR
100 _aMehta, Malti Ed.
_9430876
245 0 _aEncyclopaedia of mass communication :
_bpolitical communication in the modern world.
_henglish
250 _a1
260 _aNew Delh :
_bSarup Book Publishers,
_c2008.
300 _avi, 237p.
_ccm.
490 _vVolume 10
650 _aHindi
_9391598
700 _a Sharma,S. R., Ed.
_9430877
942 _h4k P8.10 RR
_cREF
_2CC
999 _c747293
_d747293